Advances in X-ray analysis /
Guardado en:
| Autores Corporativos: | , |
|---|---|
| Formato: | Libro |
| Idioma: | English |
| Publicado: |
New York :
Plenum Press,
c1980.
|
| Materias: | |
| Etiquetas: |
Agregar Etiqueta
Sin Etiquetas, Sea el primero en etiquetar este registro!
|
| LEADER | 00873nam a22002415a 4500 | ||
|---|---|---|---|
| 001 | EIQ.libpla004014 | ||
| 008 | 830203s1980####nyua##########001#0#eng#d | ||
| 005 | 20130308135715.0 | ||
| 245 | 0 | 0 | |a Advances in X-ray analysis / |c edited by John R. Rhodes ... [et al.]. |
| 260 | |a New York : |b Plenum Press, |c c1980. | ||
| 300 | |a v. : |b il., fotos ; |c 24-28 cm. | ||
| 500 | |a Descripción basada en vol. 23. | ||
| 500 | |a Incluye índices. | ||
| 020 | |a 0306404354 | ||
| 710 | 1 | |a Denver Research Institute. | |
| 711 | 2 | |a Conference on Applications of X-Ray Analysis |n (28th : |d 1979 : |c Denver) | |
| 650 | 4 | |a Rayos-X |x Aplicaciones industriales. | |
| 650 | 4 | |a Rayos-X |x Congresos. | |
| 650 | 4 | |a X-rays |x Industrial applications. | |
| 650 | 4 | |a X-rays |x Congresses. | |
| 010 | |a 58035928 | ||
| 040 | |a DLC |c CarP |d DLC |d AR-BbSID | ||
| 859 | |a AR-BbSID |b BIB. PLAPIQUI |h 548.83 |i Ad 95 |p 668 |v 23 |3 Vol. 23 | ||
